| 000 -LEADER |
| fixed length control field |
00361cam a22001337a 4500 |
| 008 - FIXED-LENGTH DATA ELEMENTS--GENERAL INFORMATION |
| fixed length control field |
180718b1957 xxu||||| |||| 00| 0 eng d |
| 082 ## - DEWEY DECIMAL CLASSIFICATION NUMBER |
| Classification number |
A99 L811 |
| 100 ## - MAIN ENTRY--PERSONAL NAME |
| Personal name |
Lockhart, R.H.B. |
| 245 ## - TITLE STATEMENT |
| Title |
Friends foes and foreigners |
| Statement of responsibility, etc. |
by R.H.B. Lockhart |
| 260 ## - PUBLICATION, DISTRIBUTION, ETC. |
| Place of publication, distribution, etc. |
London |
| Name of publisher, distributor, etc. |
Puntnam |
| Date of publication, distribution, etc. |
1957 |
| 300 ## - PHYSICAL DESCRIPTION |
| Extent |
286p. |
| 500 ## - GENERAL NOTE |
| General note |
21/- |
| 650 ## - SUBJECT ADDED ENTRY--TOPICAL TERM |
| Topical term or geographic name entry element |
Lockhart, Sir Robert Burce, 1887 |